000 00612nam a22002297a 4500
003 UA-OsUOA
001 86984
007 ta
008 20120913b un ||||| |||| 00| 0 ukr d
100 _aЦыбенко Е.
090 _a82.09
_bЦ 93
942 _cBK
040 _aUA-OsUOA
_brus
_cUA-OsUOA
_dUA-OsUOA
245 _aИз истории польско-русских литературных связей XIX-XX вв.
300 _a279 с.
955 _a3
041 _arus
080 _a82.09
260 _aМ.
_bМосковский университет
_c1978
650 7 _2UDC
999 _c373197
_d373197